Statistics for Countries Who Have Never Qualified For Euros

Click here to take the quiz!

General Stats

  • This quiz has been taken 241 times
  • The average score is 15 of 20

Answer Stats

Answer% Correct
San Marino
92%
Luxembourg
88%
Andorra
87%
Estonia
87%
Liechtenstein
87%
Lithuania
85%
Belarus
82%
Malta
81%
Kosovo
79%
Moldova
78%
Cyprus
74%
Armenia
71%
Bosnia and Herzegovina
71%
Montenegro
71%
Azerbaijan
69%
Georgia
67%
Israel
62%
Gibraltar
60%
Faroe Islands
58%
Kazakhstan
58%

Score Distribution

Percentile by Number Answered

Percent of People with Each Score

Your Score History

You have not taken this quiz